[Event "Puerto Iguazu Cataratas Cup"]
[Site "Puerto Iguazu"]
[Date "2022.08.13"]
[Round "1"]
[White "Ribeiro, Hector Alejandro"]
[Black "Molina, Pablo Sebastian"]
[Result "0-1"]
[WhiteElo "1070"]
[BlackElo "2251"]
[PlyCount "56"]
[EventDate "2022.08.13"]
[EventType "swiss"]
[EventRounds "6"]
[EventCountry "ARG"]
[SourceTitle "CBM 209 Extra"]
[Source "ChessBase"]
[SourceDate "2022.09.30"]
[SourceVersion "1"]
[SourceVersionDate "2022.09.30"]
[SourceQuality "1"]

1. d4 Nf6 2. c4 Nc6 3. Nf3 e6 4. Nc3 Bb4 5. Bd2 0-0 6. g3 d6 7. Bg2 e5 8. dxe5 dxe5 9. a3 Bc5 10. 0-0 a5 11. Bg5 Be6 12. Nd5 Be7 13. Nxe7+ Qxe7 14. Qc2 a4 15. Nd2 Nd4 16. Bxf6 Qxf6 17. Qe4 Rfd8 18. Rad1 Nc6 19. e3 Bf5 20. Qh4 Qxh4 21. gxh4 Bc2 22. Rc1 Rxd2 23. Bxc6 bxc6 24. f4 Be4 25. Rf2 Rad8 26. Rxd2 Rxd2 27. fxe5 Rg2+ 28. Kf1 Rxh2 0-1

[Event "Buenos Aires IM 05"]
[Site "Buenos Aires"]
[Date "2022.05.23"]
[Round "4"]
[White "Molina, Pablo Sebastian"]
[Black "Romero Barreto, Jaime Jose"]
[Result "1/2-1/2"]
[WhiteElo "2300"]
[BlackElo "2357"]
[PlyCount "117"]
[EventDate "2022.05.21"]
[EventType "tourn"]
[EventRounds "9"]
[EventCountry "ARG"]
[EventCategory "3"]
[SourceTitle "CBM 208 Extra"]
[Source "ChessBase"]
[SourceDate "2022.07.31"]
[SourceVersion "1"]
[SourceVersionDate "2022.07.31"]
[SourceQuality "1"]

1. d4 Nf6 2. Nf3 g6 3. c4 Bg7 4. Nc3 d5 5. h4 c6 6. cxd5 cxd5 7. Bf4 0-0 8. e3 Qb6 9. Qd2 Ne4 10. Nxe4 dxe4 11. Ne5 Bxe5 12. Bxe5 Nc6 13. Bg3 Be6 14. Be2 Qb4 15. f3 Bd5 16. fxe4 Bxe4 17. Bf3 Bxf3 18. gxf3 Qb6 19. Qe2 Qa5+ 20. Kf2 Rac8 21. a3 Nd8 22. h5 Ne6 23. Qd3 Qb6 24. b4 Qc6 25. Rac1 Qd5 26. Rcd1 Qc4 27. Ke2 Ng7 28. hxg6 fxg6 29. e4 Ne6 30. Be5 Nf4+ 31. Bxf4 Rxf4 32. Qxc4+ Rxc4 33. Rc1 Rxd4 34. Ke3 e5 35. Rc8+ Rf8 36. Rxf8+ Kxf8 37. Rxh7 Rd6 38. f4 exf4+ 39. Kxf4 Rf6+ 40. Ke5 Rf7 41. Rh8+ Kg7 42. Rh3 g5 43. Kd6 Kg6 44. e5 g4 45. Rh8 Kg7 46. e6 Rf8 47. Rh4 Rf4 48. Ke5 Rc4 49. Kf5 b6 50. Rh5 a5 51. Rg5+ Kf8 52. Rxg4 Rc3 53. bxa5 bxa5 54. Ra4 Rh3 55. Rc4 Rxa3 56. Rc8+ Ke7 57. Rc7+ Ke8 58. Rc8+ Ke7 59. Rc7+ 1/2-1/2

[Event "Buenos Aires IM 05"]
[Site "Buenos Aires"]
[Date "2022.05.22"]
[Round "3"]
[White "Spata, German"]
[Black "Molina, Pablo Sebastian"]
[Result "1-0"]
[WhiteElo "2296"]
[BlackElo "2300"]
[PlyCount "145"]
[EventDate "2022.05.21"]
[EventType "tourn"]
[EventRounds "9"]
[EventCountry "ARG"]
[EventCategory "3"]
[SourceTitle "CBM 208 Extra"]
[Source "ChessBase"]
[SourceDate "2022.07.31"]
[SourceVersion "1"]
[SourceVersionDate "2022.07.31"]
[SourceQuality "1"]

1. Nf3 d6 2. d4 f5 3. c4 Nf6 4. g3 g6 5. Bg2 Bg7 6. b3 0-0 7. Bb2 Ne4 8. 0-0 Nc6 9. Nc3 e6 10. Rc1 d5 11. e3 g5 12. Ne1 Ne7 13. Qc2 c6 14. Nd3 Bd7 15. Nxe4 fxe4 16. Nc5 b6 17. Nxd7 Qxd7 18. Ba3 Rf7 19. cxd5 cxd5 20. Qc7 Qe8 21. Bh3 Nf5 22. Qc6 h5 23. Bxf5 Rxf5 24. Qxe8+ Rxe8 25. Rc7 e5 26. dxe5 Bxe5 27. Rd7 Bf6 28. Rxa7 d4 29. Bb2 d3 30. Bxf6 Rxf6 31. Rd7 Rc8 32. Rd4 Re8 33. Rd5 g4 34. Rxh5 Kg7 35. Rg5+ Rg6 36. Rd5 Rf6 37. Kg2 Rc6 38. h3 gxh3+ 39. Kxh3 Rh6+ 40. Kg4 Rh2 41. Kf4 Kf6 42. Rf5+ Kg6 43. Re5 Ra8 44. Re6+ Kf7 45. Rxe4 Rxa2 46. Kf3 Rh6 47. Rd1 Rh2 48. Rf4+ Ke6 49. Ke4 Rhxf2 50. Rxf2 Rxf2 51. Rxd3 Rg2 52. Kf3 Rg1 53. Rd4 Rf1+ 54. Kg2 Re1 55. Kf2 Rc1 56. Rb4 Rc6 57. Kf3 Kd5 58. g4 Rg6 59. g5 Kc5 60. Rc4+ Kd5 61. Kg4 b5 62. Rb4 Kc5 63. Rf4 Re6 64. Kf3 Rg6 65. Rg4 Kd5 66. Rd4+ Ke5 67. Rb4 Rb6 68. Kg4 Rb8 69. Rf4 Rc8 70. Rf5+ Ke4 71. Rxb5 Rc1 72. g6 Kxe3 73. Kf5 1-0

[Event "ARG-ch sf 95th"]
[Site "Buenos Aires"]
[Date "2020.03.01"]
[Round "9"]
[White "Bustos, Cristian"]
[Black "Molina, Pablo Sebastian"]
[Result "0-1"]
[WhiteElo "2032"]
[BlackElo "2291"]
[PlyCount "92"]
[EventDate "2020.02.22"]
[EventType "swiss"]
[EventRounds "9"]
[EventCountry "ARG"]
[SourceTitle "CBM 195 Extra"]
[Source "ChessBase"]
[SourceDate "2020.05.31"]
[SourceVersion "1"]
[SourceVersionDate "2020.05.31"]
[SourceQuality "1"]

1. e4 c5 2. Nf3 d6 3. d4 cxd4 4. Nxd4 Nf6 5. Nc3 a6 6. g3 b5 7. Bg2 Bb7 8. 0-0 e6 9. Re1 Qc8 10. a3 Be7 11. Nb3 Nc6 12. Bf4 0-0 13. Qe2 Qc7 14. Rad1 Ne5 15. h3 Nc4 16. Bc1 e5 17. Nd5 Nxd5 18. exd5 Bd8 19. Nd2 Nb6 20. Nf1 Rc8 21. c3 f5 22. g4 fxg4 23. Qxg4 Rf6 24. Ng3 Qf7 25. Be3 Rc4 26. f4 exf4 27. Bd4 Rg6 28. Qe6 Rxg3 29. Qe8+ Qf8 30. Qe6+ Qf7 31. Qe8+ Qxe8 32. Rxe8+ Kf7 33. Rxd8 Rxd4 34. Rxd4 Bxd5 35. Rxd5 Nxd5 36. Kh2 Ne3 37. Be4 Ke7 38. Ra8 h5 39. Rxa6 g5 40. Ra7+ Kf6 41. Ra5 g4 42. Rxb5 gxh3 43. Rxh5 Ng4+ 44. Kh1 Re3 45. Rf5+ Ke7 46. Rxf4 Re1+ 0-1

[Event "ARG-ch sf 95th"]
[Site "Buenos Aires"]
[Date "2020.02.26"]
[Round "5"]
[White "Bustamante, Leonidas"]
[Black "Molina, Pablo Sebastian"]
[Result "0-1"]
[WhiteElo "2094"]
[BlackElo "2291"]
[PlyCount "116"]
[EventDate "2020.02.22"]
[EventType "swiss"]
[EventRounds "9"]
[EventCountry "ARG"]
[SourceTitle "CBM 195 Extra"]
[Source "ChessBase"]
[SourceDate "2020.05.31"]
[SourceVersion "1"]
[SourceVersionDate "2020.05.31"]
[SourceQuality "1"]

1. c4 e5 2. Nc3 Nc6 3. g3 f5 4. Bg2 Nf6 5. d3 Bb4 6. Bd2 a5 7. a3 Bxc3 8. bxc3 d6 9. Rb1 0-0 10. Nh3 f4 11. Ng5 Ng4 12. Ne4 b6 13. h3 Nh6 14. g4 Bd7 15. Qb3 Kh8 16. f3 Ne7 17. h4 Bc6 18. Kf2 Bxe4 19. dxe4 a4 20. Qc2 Qe8 21. g5 Nf7 22. Bh3 Nd8 23. Bg4 Qf7 24. Rb4 Nb7 25. Bd7 Nc5 26. Bxa4 Ra7 27. Bc1 Rfa8 28. Bb3 Nc6 29. Ba2 Nxb4 30. cxb4 Ne6 31. c5 bxc5 32. bxc5 Qd7 33. c6 Qe8 34. Bd5 Nd4 35. Qc4 Qb8 36. h5 Ra5 37. h6 g6 38. Qa2 Rc5 39. Bc4 Qb6 40. e3 Nxc6 41. Kg2 Rf8 42. exf4 Nd4 43. Be3 Qc6 44. Bd3 Rc3 45. Rb1 d5 46. exd5 Qd6 47. fxe5 Qxe5 48. Bxd4 Qxd4 49. Be4 Qe3 50. Qb2 Qxg5+ 51. Kf2 Qf6 52. Ke2 g5 53. Kd2 Qd4+ 54. Ke2 g4 55. Kf1 gxf3 56. Bxh7 Qc4+ 57. Kf2 Qh4+ 58. Kf1 Qh1+ 0-1

[Event "ARG-ch sf 95th"]
[Site "Buenos Aires"]
[Date "2020.02.25"]
[Round "4"]
[White "Molina, Pablo Sebastian"]
[Black "Axarlian, Carlos"]
[Result "1/2-1/2"]
[WhiteElo "2291"]
[BlackElo "2092"]
[PlyCount "76"]
[EventDate "2020.02.22"]
[EventType "swiss"]
[EventRounds "9"]
[EventCountry "ARG"]
[SourceTitle "CBM 195 Extra"]
[Source "ChessBase"]
[SourceDate "2020.05.31"]
[SourceVersion "1"]
[SourceVersionDate "2020.05.31"]
[SourceQuality "1"]

1. e4 e5 2. Nf3 Nc6 3. d4 exd4 4. Nxd4 Bc5 5. Nb3 Bb6 6. Nc3 Nge7 7. Bg5 f6 8. Bd2 0-0 9. Nd5 d6 10. Nxb6 axb6 11. Bc4+ Kh8 12. 0-0 f5 13. exf5 Nxf5 14. Qh5 d5 15. Bg5 Qd6 16. Rad1 Be6 17. Bd3 Bg8 18. Qh3 Nfe7 19. Rfe1 Ng6 20. Qg3 Nf4 21. Bb5 Rf7 22. Bxc6 bxc6 23. Nd4 Raf8 24. Nf3 Nxg2 25. Ne5 Nxe1 26. Nxf7+ Bxf7 27. Rxe1 Qxg3+ 28. hxg3 Re8 29. Rxe8+ Bxe8 30. Bd8 b5 31. c3 Kg8 32. b3 Kf7 33. Bxc7 Ke6 34. Kf1 Bg6 35. Ke2 Bb1 36. a4 Ba2 37. axb5 cxb5 38. b4 Bc4+ 1/2-1/2

[Event "Buenos Aires La Porta Cup"]
[Site "Buenos Aires"]
[Date "2019.03.23"]
[Round "4"]
[White "Slipak, Sergio"]
[Black "Molina, Pablo Sebastian"]
[Result "1/2-1/2"]
[WhiteElo "2427"]
[BlackElo "2277"]
[PlyCount "62"]
[EventDate "2019.03.20"]
[EventType "swiss"]
[EventRounds "9"]
[EventCountry "ARG"]
[SourceTitle "CBM 189 Extra"]
[Source "ChessBase"]
[SourceDate "2019.06.03"]
[SourceVersion "1"]
[SourceVersionDate "2019.06.03"]
[SourceQuality "1"]

1. Nf3 Nf6 2. d4 g6 3. Bg5 Bg7 4. Nbd2 d6 5. e4 h6 6. Bh4 0-0 7. c3 Nc6 8. Bc4 Nxe4 9. Nxe4 d5 10. Bb3 dxe4 11. Nd2 Na5 12. Nxe4 Nxb3 13. Qxb3 Be6 14. Qa3 Qd5 15. f3 f5 16. Nc5 Bf7 17. 0-0 b6 18. Na6 Qb7 19. Rfe1 Rfe8 20. Bg3 Rac8 21. Be5 c5 22. Bxg7 Kxg7 23. dxc5 Bc4 24. Nb4 bxc5 25. Nc2 e5 26. Ne3 Bf7 27. c4 Qb4 28. Qxa7 Ra8 29. Qc7 Rac8 30. Qa7 Ra8 31. Qc7 Rac8 1/2-1/2

[Event "Buenos Aires Vicente Lopez Cup 22nd"]
[Site "Buenos Aires"]
[Date "2018.08.20"]
[Round "5"]
[White "Molina, Pablo Sebastian"]
[Black "Varacalli, Francisco"]
[Result "0-1"]
[WhiteElo "2280"]
[BlackElo "2326"]
[PlyCount "132"]
[EventDate "2018.08.15"]
[EventType "tourn"]
[EventRounds "9"]
[EventCountry "ARG"]
[EventCategory "3"]
[SourceTitle "CBM 186 Extra"]
[Source "ChessBase"]
[SourceDate "2018.08.24"]
[SourceVersion "1"]
[SourceVersionDate "2018.08.24"]
[SourceQuality "1"]

1. e4 e5 2. Nf3 Nc6 3. Bb5 a6 4. Ba4 Nf6 5. 0-0 Be7 6. Re1 b5 7. Bb3 d6 8. c3 0-0 9. h3 Na5 10. Bc2 c5 11. d4 Qc7 12. Nbd2 cxd4 13. cxd4 Nc6 14. Nb3 a5 15. Be3 a4 16. Nbd2 Bd7 17. Rc1 Qb7 18. Qe2 Rfe8 19. Bd3 Rab8 20. dxe5 Nxe5 21. Nxe5 dxe5 22. Nf3 Bb4 23. Red1 Bc6 24. Bg5 Nd7 25. Bb1 Bf8 26. Nh2 Nc5 27. f3 Ne6 28. Be3 Rbd8 29. Ng4 f6 30. a3 Rxd1+ 31. Rxd1 Nd4 32. Ba2+ Kh8 33. Qf2 Bc5 34. Qh4 Qe7 35. Kh2 Bd7 36. Rc1 Bb6 37. Bd2 Be6 38. Bxe6 Qxe6 39. Ne3 Nb3 40. Qe1 Nxc1 41. Qxc1 Rc8 42. Qe1 Bxe3 43. Qxe3 Qb3 44. Qa7 Qxb2 45. Qd7 Qc2 46. Bb4 Qc6 47. Qf7 Qe8 48. Qb7 h6 49. Qd5 Kh7 50. Qd3 Rd8 51. Qc3 Qe6 52. Qc7 Qd7 53. Qc5 Rc8 54. Qf2 Qd3 55. Bc5 Qd1 56. h4 Qc1 57. Bb4 Rc2 58. Qg3 Qf4 59. Qxf4 exf4 60. Bd6 Rb2 61. Bxf4 b4 62. axb4 Rxb4 63. Bd6 Rb3 64. f4 a3 65. Bxa3 Rxa3 66. f5 Re3 0-1

[Event "Buenos Aires Vicente Lopez Cup 22nd"]
[Site "Buenos Aires"]
[Date "2018.08.15"]
[Round "1"]
[White "Ocantos, Manuel"]
[Black "Molina, Pablo Sebastian"]
[Result "0-1"]
[WhiteElo "2219"]
[BlackElo "2280"]
[PlyCount "106"]
[EventDate "2018.08.15"]
[EventType "tourn"]
[EventRounds "9"]
[EventCountry "ARG"]
[EventCategory "3"]
[SourceTitle "CBM 186 Extra"]
[Source "ChessBase"]
[SourceDate "2018.08.24"]
[SourceVersion "1"]
[SourceVersionDate "2018.08.24"]
[SourceQuality "1"]

1. Nf3 f5 2. g3 d6 3. Bg2 e5 4. d3 Nf6 5. 0-0 Be7 6. Nbd2 0-0 7. e4 Nc6 8. c3 Kh8 9. Nh4 f4 10. gxf4 exf4 11. Nf5 Bxf5 12. exf5 Qd7 13. Bh3 g5 14. Kh1 g4 15. Bxg4 Nxg4 16. Qxg4 Ne5 17. Qh3 Qxf5 18. Qxf5 Rxf5 19. d4 Nd3 20. Nf3 Re8 21. Bd2 Bd8 22. b3 Re2 23. Be1 Rf8 24. Kg2 Rg8+ 25. Kh1 Nxe1 26. Raxe1 Rxa2 27. Re4 Rc2 28. c4 Rc3 29. Rxf4 Rxb3 30. d5 Rc3 31. Re1 a5 32. Rf7 Rxc4 33. h3 a4 34. Re6 Bg5 35. h4 Rf4 36. Rxf4 Bxf4 37. Re4 a3 38. Rxf4 Ra8 39. Nd2 a2 40. Nb3 Ra3 41. Na1 Rd3 42. Rg4 Rxd5 43. Kh2 b5 44. Rg1 c5 45. Re1 Rd2 46. Kg3 c4 47. f4 b4 48. f5 Kg7 49. Kf4 b3 50. Re7+ Kf6 51. Ra7 b2 52. Rxa2 Rd4+ 53. Ke3 b1Q 0-1

[Event "ARG-chT"]
[Site "Villa Martelli"]
[Date "2018.08.11"]
[Round "6.1"]
[White "Molina, Pablo Sebastian"]
[Black "Villanueva, Mario Nicolas"]
[Result "0-1"]
[WhiteElo "2280"]
[BlackElo "2481"]
[PlyCount "72"]
[EventDate "2018.07.07"]
[EventType "team-swiss"]
[EventRounds "9"]
[EventCountry "ARG"]
[SourceTitle "CBM 187 Extra"]
[Source "ChessBase"]
[SourceDate "2018.11.04"]
[SourceVersion "1"]
[SourceVersionDate "2018.11.04"]
[SourceQuality "1"]
[WhiteTeam "Mar del Plata"]
[BlackTeam "Ushuaia Jaque Mate"]
[WhiteTeamCountry "ARG"]
[BlackTeamCountry "ARG"]

1. e4 e6 2. d4 d5 3. Nc3 Bb4 4. Nge2 Nc6 5. e5 f6 6. f4 Nh6 7. a3 Ba5 8. Be3 Nf5 9. Qd2 fxe5 10. fxe5 Bb6 11. Bg1 0-0 12. 0-0-0 Na5 13. Ng3 c5 14. Nxf5 Rxf5 15. g4 Rf8 16. dxc5 Bc7 17. Bd4 Nc6 18. Re1 Nxd4 19. Qxd4 Bd7 20. Nb5 Rxf1 21. Nxc7 Rxh1 22. Rxh1 Qxc7 23. Rf1 Bb5 24. Rf3 Rf8 25. Rxf8+ Kxf8 26. a4 Bc6 27. b3 Qf7 28. Kb2 Qf3 29. Ka3 Qe4 30. c3 Qxd4 31. cxd4 Kf7 32. Kb4 Kg6 33. Ka5 Kg5 34. b4 b6+ 35. Ka6 bxc5 36. b5 Bxb5+ 0-1

[Event "ARG-chT"]
[Site "Villa Martelli"]
[Date "2018.07.28"]
[Round "4.1"]
[White "Molina, Pablo Sebastian"]
[Black "Bulcourf, Carlos"]
[Result "1-0"]
[WhiteElo "2280"]
[BlackElo "1987"]
[PlyCount "77"]
[EventDate "2018.07.07"]
[EventType "team-swiss"]
[EventRounds "9"]
[EventCountry "ARG"]
[SourceTitle "CBM 187 Extra"]
[Source "ChessBase"]
[SourceDate "2018.11.04"]
[SourceVersion "1"]
[SourceVersionDate "2018.11.04"]
[SourceQuality "1"]
[WhiteTeam "Mar del Plata"]
[BlackTeam "San Isidro"]
[WhiteTeamCountry "ARG"]
[BlackTeamCountry "ARG"]

1. e4 Nf6 2. e5 Nd5 3. d4 d6 4. c4 Nb6 5. f4 Bf5 6. Nc3 dxe5 7. fxe5 Nc6 8. Be3 Nb4 9. Rc1 c5 10. d5 e6 11. d6 Nd7 12. Nf3 a6 13. Be2 h6 14. 0-0 g5 15. Ne1 Bg6 16. Bh5 Rg8 17. Ne4 Qa5 18. Bxg6 Rxg6 19. Qf3 Nxe5 20. Nf6+ Rxf6 21. Qxf6 Bxd6 22. Qh8+ Ke7 23. Qxa8 Qc7 24. Qg8 f5 25. h4 Ng4 26. Qg7+ Kd8 27. Qxc7+ Kxc7 28. Bd2 Nxa2 29. Ra1 Nb4 30. hxg5 hxg5 31. Bxg5 Kc6 32. Bf4 e5 33. Bd2 f4 34. Ra3 Nf6 35. Rh3 Ne4 36. Bc1 b5 37. cxb5+ axb5 38. Nd3 Nc2 39. Rh5 1-0

[Event "Buenos Aires Yael Torre Blanca"]
[Site "Buenos Aires"]
[Date "2017.08.03"]
[Round "8"]
[White "Molina, Pablo Sebastian"]
[Black "Zuriel, Marisa"]
[Result "1-0"]
[WhiteElo "2194"]
[BlackElo "2251"]
[PlyCount "97"]
[EventDate "2017.07.28"]
[EventType "tourn"]
[EventRounds "9"]
[EventCountry "ARG"]
[SourceTitle "EXT 2024"]
[Source "ChessBase"]
[SourceDate "2023.10.10"]
[SourceVersion "1"]
[SourceVersionDate "2023.10.10"]
[SourceQuality "1"]

1. e4 c5 2. c3 d5 3. exd5 Qxd5 4. d4 Nf6 5. Nf3 e6 6. Be2 Nc6 7. 0-0 Be7 8. a3 cxd4 9. cxd4 0-0 10. Nc3 Qd6 11. Nb5 Qd8 12. Nc3 b6 13. Be3 Bb7 14. Rc1 Rc8 15. Qa4 Qd6 16. Ne5 Nxe5 17. dxe5 Qxe5 18. Qxa7 Rb8 19. Bxb6 Qg5 20. g3 Ng4 21. Qa4 h5 22. Qb5 Qh6 23. Ba7 Bd6 24. Bxb8 Rxb8 25. Qb6 Be5 26. h4 Bg2 27. Qc5 Bxf1 28. Rxf1 Bf6 29. b4 Qg6 30. Rd1 Rd8 31. Qc6 Rf8 32. Bd3 Qh6 33. Ne4 Bd4 34. Bb5 Bf6 35. Qc1 Qg6 36. Bd3 Ne5 37. Nxf6+ Qxf6 38. Qf4 Qxf4 39. gxf4 Nf3+ 40. Kg2 Nxh4+ 41. Kg3 Nf5+ 42. Bxf5 exf5 43. a4 f6 44. b5 Kh7 45. b6 Rc8 46. Rb1 h4+ 47. Kxh4 Rc3 48. b7 Kh6 49. Rb6 1-0

[Event "Buenos Aires Grafica Yael Torre Blanca"]
[Site "Buenos Aires"]
[Date "2017.07.30"]
[Round "4"]
[White "Cuevas, Alex"]
[Black "Molina, Pablo Sebastian"]
[Result "1-0"]
[WhiteElo "2284"]
[BlackElo "2194"]
[PlyCount "104"]
[EventDate "2017.07.28"]
[EventType "tourn"]
[EventRounds "9"]
[EventCountry "ARG"]
[SourceTitle "EXT 2020"]
[Source "ChessBase"]
[SourceDate "2019.10.17"]
[SourceVersion "1"]
[SourceVersionDate "2019.10.17"]
[SourceQuality "1"]

1. d4 c5 2. d5 d6 3. e4 e5 4. Bb5+ Nd7 5. a4 Ne7 6. Nc3 Ng6 7. Nge2 Be7 8. Ng3 0-0 9. Nf5 a6 10. Be2 Nf6 11. g3 Re8 12. h4 Bf8 13. Ne3 Bd7 14. a5 b5 15. axb6 Qxb6 16. Nc4 Qc7 17. Be3 Kh8 18. h5 Ne7 19. Kf1 Neg8 20. Kg2 h6 21. b3 Nh7 22. Qd2 Be7 23. Na4 Ng5 24. f3 f5 25. exf5 Bxf5 26. g4 Bh7 27. Nc3 e4 28. f4 Nf3 29. Bxf3 exf3+ 30. Kxf3 Nf6 31. f5 Rf8 32. Bf4 Rf7 33. Ne3 Raf8 34. Kg2 Qc8 35. Qe2 Re8 36. Rhf1 Bf8 37. Qf3 Rfe7 38. Nc4 Ne4 39. Rae1 Nxc3 40. Qxc3 Bg8 41. Nxd6 Bxd5+ 42. Kg3 Rxe1 43. Rxe1 Bxd6 44. Bxd6 Rxe1 45. Qxe1 Qd7 46. Qe5 Bb7 47. f6 Qf7 48. fxg7+ Kg8 49. Qf4 c4 50. bxc4 Qxf4+ 51. Kxf4 Kxg7 52. Be5+ Kf7 1-0

[Event "Pan American-ch U2300"]
[Site "Carilo Village"]
[Date "2016.10.26"]
[Round "3"]
[White "Zarlenga, Marcelo"]
[Black "Molina, Pablo Sebastian"]
[Result "0-1"]
[WhiteElo "1966"]
[BlackElo "2226"]
[PlyCount "122"]
[EventDate "2016.10.25"]
[EventType "swiss"]
[EventRounds "9"]
[EventCountry "ARG"]
[SourceTitle "EXT 2022"]
[Source "ChessBase"]
[SourceDate "2021.10.06"]
[SourceVersion "1"]
[SourceVersionDate "2021.10.06"]
[SourceQuality "1"]

1. Nf3 Nc6 2. d4 e6 3. e4 d5 4. e5 Nge7 5. c3 Nf5 6. Bd3 Be7 7. b4 Bd7 8. Nbd2 a5 9. b5 Na7 10. a4 c6 11. bxc6 Bxc6 12. 0-0 b5 13. Bc2 0-0 14. g4 Nh6 15. h3 bxa4 16. Bxa4 Bb5 17. Re1 Bd3 18. Nb3 Bg6 19. Ba3 Bxa3 20. Rxa3 Qc7 21. Nc5 Rfb8 22. Na6 Qe7 23. Rb3 Rxb3 24. Qxb3 Qd8 25. Qb7 Qc8 26. Qxc8+ Nxc8 27. Bb5 Nb6 28. Nh4 Bc2 29. Ra1 a4 30. Ng2 Kf8 31. Ne3 Bb3 32. Nc5 Ng8 33. Ra3 Ra5 34. Bd3 Bc4 35. Nxc4 dxc4 36. Bc2 Ne7 37. Kf1 Ned5 38. Ne4 Rb5 39. Ke1 Rb2 40. Bxa4 Nf4 41. Nd2 g5 42. Kd1 Nd3 43. Bc2 Nxf2+ 44. Kc1 Rb5 45. Bxh7 Nxh3 46. Ra7 Nf2 47. Rc7 Kg7 48. Bc2 Nxg4 49. Ne4 Nd5 50. Rxc4 Nge3 51. Rc8 Ne7 52. Re8 N7d5 53. Nxg5 Nxc3 54. Kd2 Ncd5 55. Bd3 Rb2+ 56. Kc1 Rg2 57. Ne4 Nb4 58. Nc5 Na2+ 59. Kb1 Nd5 60. Ne4 Nab4 61. Bc4 Rg4 0-1

[Event "ARG-chT"]
[Site "Villa Martelli"]
[Date "2016.10.22"]
[Round "5.8"]
[White "Carcamo, Matias"]
[Black "Molina, Pablo Sebastian"]
[Result "0-1"]
[WhiteElo "2006"]
[BlackElo "2226"]
[PlyCount "64"]
[EventDate "2016.09.24"]
[EventType "team-swiss"]
[EventRounds "9"]
[EventCountry "ARG"]
[SourceTitle "EXT 2018"]
[Source "ChessBase"]
[SourceDate "2017.10.13"]
[SourceVersion "1"]
[SourceVersionDate "2017.10.13"]
[SourceQuality "1"]
[WhiteTeam "La Banda del Oeste"]
[BlackTeam "Escuela Municipal Moreno"]
[WhiteTeamCountry "ARG"]
[BlackTeamCountry "ARG"]

1. e4 e5 2. Nf3 Nc6 3. Bb5 a6 4. Ba4 Nf6 5. 0-0 b5 6. Bb3 Be7 7. c3 Nxe4 8. Re1 d5 9. d3 Nc5 10. Nxe5 Nxe5 11. Rxe5 Nxb3 12. Qxb3 Be6 13. d4 Bd6 14. Bg5 Qd7 15. Re1 0-0 16. Nd2 h6 17. Bh4 f5 18. f3 g5 19. Bf2 g4 20. Re2 Rf6 21. Rae1 Rg6 22. Qc2 Bf7 23. Qd3 h5 24. Bh4 Re8 25. Nb3 Rxe2 26. Rxe2 gxf3 27. Qxf3 f4 28. Nc5 Qg4 29. Qxg4 Rxg4 30. Bf6 f3 31. Rf2 fxg2 32. Nxa6 Bxh2+ 0-1

[Event "ARG-chT"]
[Site "Villa Martelli"]
[Date "2016.10.08"]
[Round "3.7"]
[White "Conde, Adrian"]
[Black "Molina, Pablo Sebastian"]
[Result "0-1"]
[WhiteElo "2051"]
[BlackElo "2226"]
[PlyCount "136"]
[EventDate "2016.09.24"]
[EventType "team-swiss"]
[EventRounds "9"]
[EventCountry "ARG"]
[SourceTitle "EXT 2017"]
[Source "ChessBase"]
[SourceDate "2016.10.25"]
[SourceVersion "1"]
[SourceVersionDate "2016.10.25"]
[SourceQuality "1"]
[WhiteTeam "Tacticos y Estrategas"]
[BlackTeam "Escuela Municipal Moreno"]
[WhiteTeamCountry "ARG"]
[BlackTeamCountry "ARG"]

1. Nf3 Nf6 2. g3 b6 3. Bg2 Bb7 4. 0-0 c5 5. c4 g6 6. Nc3 Bg7 7. d4 cxd4 8. Qxd4 0-0 9. Bg5 Ne4 10. Qe3 Nxg5 11. Qxg5 Na6 12. Rac1 Rc8 13. Nd5 Bxd5 14. cxd5 Bxb2 15. Rxc8 Qxc8 16. Qxe7 Re8 17. Qh4 Rxe2 18. Ng5 h5 19. Qf4 f6 20. Ne4 f5 21. Qd6 Qe8 22. Nf6+ Bxf6 23. Qxf6 Kh7 24. Rc1 Nc5 25. Bf1 Rd2 26. Bg2 Rxf2 27. Kxf2 Nd3+ 28. Kf1 Nxc1 29. d6 Qe2+ 30. Kg1 Qe3+ 31. Kf1 Qd3+ 32. Kf2 Qd2+ 33. Kf1 Qd1+ 34. Kf2 Qc2+ 35. Kf1 Qc4+ 36. Kg1 Qd4+ 37. Qxd4 Ne2+ 38. Kf2 Nxd4 39. Ke3 Ne6 40. Bd5 Nc5 41. Kd4 Kg7 42. Ke5 Nd3+ 43. Kd4 Nb4 44. Bc4 Kf6 45. h4 Nc2+ 46. Kd3 Nb4+ 47. Kd4 Nc6+ 48. Kd5 a6 49. a4 Kf7 50. Be2 Kf6 51. Bc4 g5 52. hxg5+ Kxg5 53. Be2 h4 54. gxh4+ Kxh4 55. a5 bxa5 56. Kc5 a4 57. Bf3 Ne5 58. Bd5 a3 59. Kd4 Ng6 60. Kc3 Kg5 61. Kb3 Kf6 62. Kxa3 Ke5 63. Bc4 a5 64. Bd3 Nf4 65. Bc2 Ne6 66. Ka4 Nd4 67. Bd3 Nc6 68. Kb5 Kxd6 0-1

[Event "Latin Cup-A 6th"]
[Site "Buenos Aires"]
[Date "2015.03.23"]
[Round "7"]
[White "Tokman, Ariel"]
[Black "Molina, Pablo Sebastian"]
[Result "1-0"]
[WhiteElo "2320"]
[BlackElo "2115"]
[PlyCount "131"]
[EventDate "2015.03.19"]
[EventType "swiss"]
[EventRounds "9"]
[EventCountry "ARG"]
[SourceTitle "CBM 165 Extra"]
[Source "ChessBase"]
[SourceDate "2015.04.21"]
[SourceVersion "1"]
[SourceVersionDate "2015.04.21"]
[SourceQuality "1"]

1. c4 Nf6 2. Nf3 c6 3. e3 d5 4. b3 Bf5 5. Bb2 Nbd7 6. Be2 e6 7. 0-0 Bd6 8. d4 Qb8 9. Ba3 0-0 10. Bxd6 Qxd6 11. Nh4 Bg6 12. Nxg6 fxg6 13. Nc3 a6 14. c5 Qe7 15. f4 Kh8 16. b4 Ng8 17. Qd2 Nh6 18. a4 Nf5 19. Bg4 Qh4 20. Bf3 Qe7 21. g3 b5 22. axb5 axb5 23. e4 Nh6 24. Rfe1 Qf6 25. Bg2 Rfd8 26. Bh3 Nf8 27. e5 Qf7 28. Ra5 Rac8 29. Rea1 Rc7 30. Ra6 Rdc8 31. Bf1 Qd7 32. Ne2 Nf7 33. R1a3 Qd8 34. Nc1 g5 35. Ne2 g4 36. Nc3 Qd7 37. Be2 Nh6 38. Nd1 Qf7 39. Nf2 Qg6 40. Qd3 Qxd3 41. Rxd3 g6 42. Nxg4 Nxg4 43. Bxg4 Kg7 44. Rda3 Kf7 45. Kg2 Ke7 46. h4 Nd7 47. h5 Nf8 48. Ra1 Kf7 49. hxg6+ hxg6 50. Be2 Kg7 51. g4 Kf7 52. Kg3 Kg7 53. Bd3 Kf7 54. Rh1 Kg7 55. Rha1 Rf7 56. Ra7 Rcc7 57. Rxc7 Rxc7 58. Ra8 Kf7 59. Kh4 Kg7 60. f5 Nd7 61. f6+ Kf7 62. Rh8 Nf8 63. Kg5 Rd7 64. Bxg6+ Nxg6 65. Rh7+ Kf8 66. Kxg6 1-0

[Event "Latin Cup-A 6th"]
[Site "Buenos Aires"]
[Date "2015.03.22"]
[Round "5"]
[White "Dolezal, Cristian"]
[Black "Molina, Pablo Sebastian"]
[Result "0-1"]
[WhiteElo "2457"]
[BlackElo "2115"]
[PlyCount "94"]
[EventDate "2015.03.19"]
[EventType "swiss"]
[EventRounds "9"]
[EventCountry "ARG"]
[SourceTitle "CBM 165 Extra"]
[Source "ChessBase"]
[SourceDate "2015.04.21"]
[SourceVersion "1"]
[SourceVersionDate "2015.04.21"]
[SourceQuality "1"]

1. g3 d5 2. Bg2 Nf6 3. Nf3 c6 4. d3 Bg4 5. Nbd2 Nbd7 6. h3 Bxf3 7. Bxf3 e5 8. e4 Bd6 9. 0-0 0-0 10. c3 Nc5 11. Qc2 a5 12. Rd1 Ne6 13. exd5 cxd5 14. Nf1 Qc8 15. Bg2 d4 16. c4 h5 17. Qe2 Nc5 18. Bg5 Nh7 19. Bc1 Nf6 20. b3 Re8 21. Ba3 Nce4 22. Bxd6 Nxd6 23. Nd2 Rb8 24. Rdc1 b6 25. a3 Qf5 26. Re1 g6 27. b4 Qc8 28. Rac1 Nd7 29. Qf3 f5 30. Qd5+ Nf7 31. c5 bxc5 32. bxc5 Nf6 33. Qa2 Kg7 34. Nc4 Qc7 35. Nb6 e4 36. dxe4 fxe4 37. Nd5 Nxd5 38. Qxd5 Rbd8 39. Qa2 e3 40. c6 d3 41. Rxe3 d2 42. Rd1 Rxe3 43. fxe3 Qxg3 44. Qa1+ Kh6 45. Qc3 Ng5 46. c7 Rf8 47. c8Q Nf3+ 0-1